Library Logo

Pioneer International University Library Catalogue

WOMEN OF COLONIAL AMERICA/ (Record no. 9849)

MARC details
000 -LEADER
fixed length control field 00519nam a22001817a 4500
003 - CONTROL NUMBER IDENTIFIER
control field OSt
005 - DATE AND TIME OF LATEST TRANSACTION
control field 20251201114509.0
008 - FIXED-LENGTH DATA ELEMENTS--GENERAL INFORMATION
fixed length control field 251201b |||||||| |||| 00| 0 eng d
010 ## - LIBRARY OF CONGRESS CONTROL NUMBER
LC control number 2003010396
020 ## - INTERNATIONAL STANDARD BOOK NUMBER
International Standard Book Number 159018470
040 ## - CATALOGING SOURCE
Transcribing agency LUCENT BOOKS
050 ## - LIBRARY OF CONGRESS CALL NUMBER
Classification number HQ 1416 .B5 2004
Item number .B5 2004
245 ## - TITLE STATEMENT
Title WOMEN OF COLONIAL AMERICA/
Statement of responsibility, etc. BJORNLUND, LYDIA
250 ## - EDITION STATEMENT
Edition statement 1ST EDITION
260 ## - PUBLICATION, DISTRIBUTION, ETC.
Place of publication, distribution, etc. LONDON:
Name of publisher, distributor, etc. LUCENT BOOKS,
Date of publication, distribution, etc. 2004
300 ## - PHYSICAL DESCRIPTION
Extent 112 pages,
Other physical details includes bibliographic references and index,
Dimensions 23.5 cm
942 ## - ADDED ENTRY ELEMENTS (KOHA)
Source of classification or shelving scheme Library of Congress Classification
Koha item type Books
Suppress in OPAC No
Holdings
Withdrawn status Lost status Source of classification or shelving scheme Damaged status Not for loan Home library Current library Date acquired Total checkouts Barcode Date last seen Date last checked out Price effective from Koha item type
    Library of Congress Classification     PIU Library PIU Library 12/01/2025 1 PIUDL884 02/10/2026 02/05/2026 12/01/2025 Books